000 00358nam a2200133Ia 4500
008 231129s9999||||xx |||||||||||||| ||spa||
020 _a84-322-1142-7
040 _bspa
082 _a863 M539u
100 _aMendoza Eduardo
245 0 _aEl Ășltimo trayecto de Horacio Dos
264 _aSeix Barral
942 _2ddc
_cBKS
999 _c12617
_d12617